[Event "RUS-ch U20"]
[Site "Loo"]
[Date "2021.04.28"]
[Round "8"]
[White "Zhafyarov, Adel"]
[Black "Obgolts, Erik"]
[Result "1/2-1/2"]
[WhiteElo "2252"]
[BlackElo "2414"]
[PlyCount "91"]
[EventDate "2021.04.21"]
[EventType "swiss"]
[EventRounds "9"]
[EventCountry "RUS"]
[SourceTitle "CBM 202 Extra"]
[Source "ChessBase"]
[SourceDate "2021.07.31"]
[SourceVersion "1"]
[SourceVersionDate "2021.07.31"]
[SourceQuality "1"]

1. d4 Nf6 2. Bf4 d5 3. e3 c5 4. c3 Nc6 5. Nd2 Bf5 6. Qb3 Qd7 7. Ngf3 c4 8. Qd1 e6 9. Ne5 Nxe5 10. Bxe5 Ne4 11. Nxe4 Bxe4 12. f3 Bg6 13. a4 f6 14. Bg3 a6 15. b3 cxb3 16. Qxb3 Bd6 17. c4 0-0 18. c5 Bxg3+ 19. hxg3 Qc7 20. Kf2 Be8 21. Bd3 g6 22. Rhb1 Bc6 23. Qb6 Qd7 24. Ra2 Rf7 25. Rab2 Re8 26. Bb5 axb5 27. axb5 e5 28. bxc6 bxc6 29. Qa6 Qe6 30. Rb8 Rfe7 31. Rxe8+ Rxe8 32. Qa4 Re7 33. g4 Kg7 34. Rb6 exd4 35. Qxd4 h6 36. Rb8 Qe5 37. Qxe5 fxe5 38. Rc8 Re6 39. Rc7+ Kf6 40. Rh7 Re7 41. Rh8 Kg7 42. Rd8 Kf6 43. g3 Kf7 44. Rc8 Re6 45. Rc7+ Ke8 46. Ke2 1/2-1/2

[Event "Chigorin Memorial 27th"]
[Site "St Petersburg"]
[Date "2019.10.08"]
[Round "4"]
[White "Kuzmichev, Danila"]
[Black "Zhafyarov, Adel"]
[Result "0-1"]
[WhiteElo "1808"]
[BlackElo "2089"]
[PlyCount "130"]
[EventDate "2019.10.05"]
[EventType "swiss"]
[EventRounds "9"]
[EventCountry "RUS"]
[SourceTitle "EXT 2020"]
[Source "ChessBase"]
[SourceDate "2019.10.17"]
[SourceVersion "1"]
[SourceVersionDate "2019.10.17"]
[SourceQuality "1"]

1. e4 e5 2. Nf3 Nf6 3. Nxe5 d6 4. Nf3 Nxe4 5. Qe2 Qe7 6. d3 Nf6 7. Bg5 Qxe2+ 8. Bxe2 Be7 9. Nc3 h6 10. Bf4 Be6 11. Nd4 c5 12. Nxe6 fxe6 13. 0-0-0 Nc6 14. Rhe1 Nd4 15. Bf1 Kd7 16. Ne2 e5 17. Bg3 h5 18. h3 Raf8 19. c3 Ne6 20. f3 Nd5 21. Bf2 Bg5+ 22. Kb1 Ne3 23. Bxe3 Bxe3 24. Nc1 Bf2 25. Re2 Bh4 26. Nb3 Bf6 27. Red2 d5 28. Re2 b6 29. Rde1 Re8 30. Rd2 Re7 31. Red1 h4 32. Re1 Kd6 33. Red1 Rhe8 34. Re1 Nf4 35. Red1 Bg5 36. Rc2 Nh5 37. Rf2 Ng3 38. a3 Rd8 39. Rc2 Kc7 40. Rf2 Red7 41. Ka2 a5 42. a4 Rf7 43. Rc2 Rf4 44. d4 c4 45. Nc1 exd4 46. cxd4 Nxf1 47. Rxf1 Rxd4 48. Ne2 Rd3 49. f4 Bf6 50. f5 Kc6 51. Nf4 Re3 52. Rd1 Rd7 53. b3 c3 54. Nd3 d4 55. b4 b5 56. axb5+ Kxb5 57. bxa5 Ra7 58. Kb3 Rxa5 59. Rf2 Be7 60. Ra2 Rxa2 61. Kxa2 Kc4 62. Nf4 c2 63. Rc1 d3 64. Kb2 Bf6+ 65. Ka2 Re8 0-1

[Event "Nezhmetdinov Memorial 39th"]
[Site "Kazan"]
[Date "2017.06.06"]
[Round "7"]
[White "Swapnil, S Dhopade"]
[Black "Zhafyarov, Adel"]
[Result "1-0"]
[WhiteElo "2533"]
[BlackElo "2111"]
[PlyCount "87"]
[EventDate "2017.05.31"]
[EventType "swiss"]
[EventRounds "9"]
[EventCountry "RUS"]
[SourceTitle "EXT 2018"]
[Source "ChessBase"]
[SourceDate "2017.10.13"]
[SourceVersion "1"]
[SourceVersionDate "2017.10.13"]
[SourceQuality "1"]

1. d4 d5 2. c4 e6 3. Nf3 Nf6 4. Nc3 Be7 5. Bf4 c6 6. e3 Nbd7 7. h3 0-0 8. Qc2 Re8 9. Be2 Nf8 10. 0-0 Ng6 11. Bg3 Bd6 12. Ne5 Bxe5 13. dxe5 Nd7 14. f4 f6 15. exf6 Nxf6 16. Kh1 Ne7 17. Bf2 Nf5 18. e4 dxe4 19. Nxe4 e5 20. fxe5 Rxe5 21. Rad1 Qe7 22. Nxf6+ Qxf6 23. Bd3 Qe7 24. Rde1 Rxe1 25. Rxe1 Qf6 26. Re8+ Kf7 27. Rxc8 Rxc8 28. Bxf5 Rd8 29. Kh2 g6 30. Bg4 h5 31. Bf3 Rd7 32. c5 Kg7 33. b3 h4 34. Qe4 g5 35. Qg4 Qe5+ 36. Kh1 Rd2 37. Bxh4 Kf6 38. Bg3 Qxc5 39. h4 Rxa2 40. hxg5+ Ke7 41. Qe4+ Kd8 42. Qd3+ Ke8 43. Bh5+ Kf8 44. Bd6+ 1-0

[Event "Nezhmetdinov Memorial 39th"]
[Site "Kazan"]
[Date "2017.06.04"]
[Round "5"]
[White "Kharitonov, Egor"]
[Black "Zhafyarov, Adel"]
[Result "0-1"]
[WhiteElo "1878"]
[BlackElo "2111"]
[PlyCount "92"]
[EventDate "2017.05.31"]
[EventType "swiss"]
[EventRounds "9"]
[EventCountry "RUS"]
[SourceTitle "EXT 2018"]
[Source "ChessBase"]
[SourceDate "2017.10.13"]
[SourceVersion "1"]
[SourceVersionDate "2017.10.13"]
[SourceQuality "1"]

1. d4 d5 2. c4 e6 3. Nc3 Nf6 4. cxd5 exd5 5. Bg5 Nbd7 6. Qc2 c6 7. e3 Be7 8. Bd3 0-0 9. Nf3 Re8 10. 0-0 Nf8 11. h3 Ne4 12. Bf4 Ng5 13. Bxg5 Bxg5 14. b4 Qf6 15. Ne5 Qd6 16. Rab1 Bf6 17. Nf3 Be6 18. Rfd1 Rec8 19. Na4 Rc7 20. Rdc1 Rac8 21. Qc5 Qd8 22. Qc2 g6 23. Nc5 b6 24. Na6 Re7 25. Qa4 Qd6 26. b5 c5 27. Qa3 Rd7 28. dxc5 bxc5 29. e4 Be7 30. exd5 Bxd5 31. Bc4 Qf4 32. Bxd5 Rxd5 33. Re1 Ne6 34. Qe3 Qd6 35. a4 Bf6 36. a5 Rd3 37. Qe4 Bc3 38. Rec1 Bxa5 39. Ne5 Rd4 40. Qb7 Rf8 41. Nc6 Nd8 42. Nxd8 Rxd8 43. Nxc5 Bc7 44. g3 Bb6 45. Qc6 Qe5 46. Na4 Rxa4 0-1

[Event "Nezhmetdinov Memorial 39th"]
[Site "Kazan"]
[Date "2017.06.01"]
[Round "2"]
[White "Zhafyarov, Adel"]
[Black "Hemant, Sharma"]
[Result "0-1"]
[WhiteElo "2111"]
[BlackElo "2380"]
[PlyCount "116"]
[EventDate "2017.05.31"]
[EventType "swiss"]
[EventRounds "9"]
[EventCountry "RUS"]
[SourceTitle "EXT 2018"]
[Source "ChessBase"]
[SourceDate "2017.10.13"]
[SourceVersion "1"]
[SourceVersionDate "2017.10.13"]
[SourceQuality "1"]

1. d4 f5 2. Bf4 Nf6 3. e3 g6 4. h3 d6 5. Nf3 Bg7 6. Be2 0-0 7. 0-0 c6 8. c4 Qe8 9. Nc3 h6 10. Bh2 g5 11. Nd2 g4 12. hxg4 Nxg4 13. Bxg4 fxg4 14. f3 Nd7 15. Nde4 Qg6 16. fxg4 Nf6 17. Nxf6+ Rxf6 18. Rxf6 Bxf6 19. Qb1 Qxb1+ 20. Rxb1 Bxg4 21. b3 Bg7 22. Rf1 Rf8 23. Bg3 Rxf1+ 24. Kxf1 Kf7 25. Bh4 a6 26. Na4 e5 27. Bf2 b5 28. cxb5 axb5 29. Nb6 Ke7 30. d5 Kd8 31. dxc6 Kc7 32. Nd5+ Kxc6 33. e4 Be6 34. Ne7+ Kd7 35. Nd5 Kc6 36. Nb4+ Kd7 37. Ke2 Bf6 38. Kd3 h5 39. g3 Bh3 40. a4 Bf1+ 41. Kc3 Bd8 42. Nd5 bxa4 43. bxa4 Ba5+ 44. Kc2 Be2 45. Ne3 Ke6 46. Nd5 Kf7 47. Ne3 Kf6 48. Nf5 d5 49. Kc1 Bd3 50. Nd6 Bb4 51. Nb7 d4 52. a5 Ke7 53. g4 hxg4 54. Bh4+ Kd7 55. Nd8 Bxe4 56. Nf7 Ke6 57. Ng5+ Kf5 58. a6 Ba8 0-1